000 00952nam a2200265Ia 4500
003 OSt
005 20221005105646.0
006 a|||||r|||| 00| 0
007 ta
008 221004b |||||||| |||| 00| 0 hin d
020 _a8170556910 (hbk)
_c75
024 _a12709
037 _b331, 20/03/2014, Vani Prakashan
_cTextual
040 _aCRL
_cCRL
_bhin
041 _2hin
_ahin
082 _aO157,3N62, 152P5
100 _aगोस्वामी, अमर, अनु.
245 0 _aप्रिय तसलीमा नसरीन
246 _aPriya tasalīmā nasarīna
260 _aनई दिल्ली
_bवाणी प्रकाशन भारत
_c2005
300 _a100पृ0
_ccm.
650 _aबंगाली साहित्य
942 _hO157,3N62, 152P5
_cTEXL
_2cc
999 _c1016483
_d1016483